000
00314 a2200157 4500
001
183284
020
_a
040
_c
Magnum
100
_a
Sampaio, Elvira
240
1
0
_a
Viver ciências 6
_l
por
245
1
0
_a
Viver ciências 6
300
_a
192
362
0
_a
1990
697
_a
CIÊNCIAS PURAS
942
_c
BK
999
_c
183284
_d
183284